Normal view
MARC view
- Zen Buddhism
Entry Topical Term
001 - CONTROL NUMBER
- control field: 5900
003 - CONTROL NUMBER IDENTIFIER
- control field: OSt
005 - DATE AND TIME OF LATEST TRANSACTION
- control field: 20170518085840.0
008 - FIXED-LENGTH DATA ELEMENTS
- fixed length control field: 170518|| aca||aabn | a|a d
040 ## - CATALOGING SOURCE
- Original cataloging agency: OSt
- Transcribing agency: OSt
150 ## - HEADING--TOPICAL TERM
- Topical term or geographic name entry element: Zen Buddhism
670 ## - SOURCE DATA FOUND
- Source citation: Work cat.: (OSt)0: Radha, 1928- 5899, The zen way to be an effective manager /, 1995

PORTAL AKMAL
E-MEL JKDM
AKMAL2U
G-BAM
u-PUSTAKA